|
|
|
|
| LEADER |
00000nas a2200000 a 4500 |
| 001 |
ssj0001879 |
| 003 |
WaSeSS |
| 005 |
20200512172242.0 |
| 006 |
m d |
| 007 |
cr n |
| 008 |
811103c19819999caumr pes 0 a0eng |
| 010 |
|
|
|a 81649941
|
| 016 |
7 |
|
|a 012403350
|2 Uk
|
| 022 |
|
|
|l 0278-9647
|y 0278-9647
|
| 032 |
|
|
|a 665430
|b USPS
|
| 035 |
|
|
|a (WaSeSS)ssj0001879
|
| 037 |
|
|
|b Computer Technology Review, N. Camden Dr., Beverly Hills, CA 90210-4507
|
| 040 |
|
|
|a DLC
|b eng
|c DLC
|d NSD
|d DLC
|d NSD
|d NST
|d NSD
|d NST
|d OCL
|d NST
|d DLC
|d NSD
|d DLC
|d OCLCQ
|d OCLCO
|d OCLCF
|d OCLCO
|d I8M
|d OCLCQ
|d UKMGB
|d RDF
|d ZAS
|d WaSeSS
|
| 042 |
|
|
|a pcc
|a nsdp
|
| 050 |
0 |
0 |
|a TK7885.A1
|b C6114
|
| 082 |
0 |
|
|a 621.3819/58/05
|
| 210 |
0 |
|
|a Comput. tech. rev.
|
| 222 |
|
0 |
|a Computer technology review
|
| 245 |
0 |
0 |
|a Computer technology review
|h [electronic resource].
|
| 260 |
|
|
|a [Los Angeles, CA] :
|b [West World Productions],
|c [1981?-]
|
| 310 |
|
|
|a Monthly,
|b <Feb. 1999->
|
| 321 |
|
|
|a Monthly (except twice monthly Jan., May, Aug. and Nov.),
|b 1981-
|
| 362 |
0 |
|
|a Vol. 1, no. 1 (spring/summer 1981)-
|
| 500 |
|
|
|a Title from cover.
|
| 506 |
|
|
|a License restrictions may limit access.
|
| 588 |
|
|
|a Latest issue consulted: Vol. 20, no. 4 (Apr. 2000).
|
| 650 |
|
0 |
|a Electronic digital computers
|v Periodicals.
|
| 650 |
|
7 |
|a Electronic digital computers.
|2 fast
|0 (OCoLC)fst00907122
|
| 655 |
|
0 |
|a Electronic journals.
|
| 770 |
0 |
|
|t Storage inc.
|x 1524-6558
|w (DLC) 99103947
|w (OCoLC)40094207
|
| 785 |
0 |
1 |
|t Storage inc.
|x 1524-6558
|w (DLC) 99103947
|w (OCoLC)40094207
|
| 850 |
|
|
|a AzU
|a CU
|a CU-S
|a CU-SB
|a DLC
|a IEN
|a MCM
|a NN
|a NNE
|a NcU
|a NjR
|
| 856 |
4 |
0 |
|z Full text available from Research Library: 01/01/1992 to 09/30/2006
|u https://search.proquest.com/publication/36399
|